000 01053nam a2200217 i 4500
001 47359
003 ES-MaACL
005 20250620063013.0
007 t|
008 030407s1956 sp ||||1| spa d
100 1 _aCorbera Fradera, Carolina,
_d1926-1979
_940459
245 1 0 _aArgentina
_b: girasol de España : conferencias... /
_cCarolina Corbera Fradera.
260 _a[Madrid :
_bs.n.,
_c1956] (
_fUguina)
300 _a44 p., 1 lám. ret. aut. ;
_c23 cm.
505 8 _aContiene: La religión de las letras : conferencia pronunciada en el "Salón Huemul" el 14 de agosto de 1956 en Buenos Aires ; Argentina, girasol de España : conferencia pronunciada en el "Salón Kraft" el 7 de septiembre de 1956 en Buenos Aires ; La universalidad del arte : conferencia pronunciada en el "Club español de la Plata" el 15 de septiembre de 1956
740 3 _aLa religión de las letras.
740 3 _aArgentina, girasol de España.
740 3 _aLa universalidad del arte.
852 _aES-MaACL
_j1995-F-18
_bR.39651
999 _c47359
_d47359